00612 2200217 4500001002100000005001700021008004100038020002200079035002400101040001200125082001100137090002000148245007900168250001000247260003200257300002900289650002800318850001200346990001900358990001700377YOGYA-0611000000018120110609152441.0 ind  a978-979-26-2358-1 0010-061100000000181 aYOPDYOG a297.77 aSEL 297.77bFiq aFIQIH anakbtuntunan lengkapn anak beribadah kepada AllahcTim Zikrul Kids aCet.2 aJakartabZikrul Hakimc2009 avi, 288 hlmbilusc25 cm aIslam - Pendidikan anak aYOPDYOG a270- Sel/ B.11 a269-Sel/B.11